Score 0/20 Timer 07:00
1 Play Today
Legislation President % Correct
Homeland Security Act, Unborn Victims of Violence Act, Emergency Economic Stabilization ActGeorge W. Bush
84%
Civil Rights Act, Voting Rights Act, Gulf of Tonkin ResolutionLyndon B. Johnson
81.4%
Communist Control Act, Federal-Aid Highway Act, Federal Aviation ActDwight Eisenhower
73.3%
Brady Handgun Violence Prevention Act, Line-Item Veto Act, Defense of Marriage ActBill Clinton
72.4%
Indian Removal Act, Veto of the National Bank, Compromise TariffAndrew Jackson
68.8%
American Recovery and Reinvestment Act, Patient Protection and Affordable Care Act, Consumer Protection ActBarack Obama
68.5%
Blaine Act, Tennessee Valley Authority Act, Lend Lease ActFranklin D. Roosevelt
67.4%
American Housing Act, Foreign Assistance Act (Marshall Plan), Presidential Succession ActHarry Truman
67.2%
Goldwater-Nichols Act, Tax Reform Act, Intermediate-Range Nuclear Forces TreatyRonald Reagan
65.6%
Isthmian Canal Act, Pure Food and Drug Act, Admission of the state of OklahomaTheodore Roosevelt
58.6%
Legislation President % Correct
Judiciary Act, Whiskey Act, Residence ActGeorge Washington
57.4%
Texas Annexation, Declaration of War with Mexico, Oregon TreatyJames K. Polk
57.4%
Economic Stabilization Act, Reorganization Plan Number 3 (Creation of the EPA), Federal Election Campaign ActRichard Nixon
56.8%
Embargo Act, Cumberland Road, Slave Trade Prohibition ActThomas Jefferson
51.1%
Confiscation Act, Pacific Railway Act, Freedmen's Bureau BillAbraham Lincoln
46.6%
Clayton Antitrust Act, Espionage Act, Federal Reserve ActWoodrow Wilson
46%
Hawley-Smoot Tarriff, Norris-LaGuardia Act, Federal Home Loan Bank Act Herbert Hoover
44.4%
Fugitive Slave Act, Organization of the Utah Territory, Donation Land Claim ActMillard Fillmore
36.2%
Naturalization Act, Klu Klux Act, Yellowstone ActUlysses S. Grant
34.4%
Chinese Exclusion Act, Pendleton Civil Service Reform Act, Edmunds ActChester A. Arthur
30.9%

You're not logged in!

Compare scores with friends on all Sporcle quizzes.
OR
Log In

Sporcle TV

Today on Sporcle TV


Watch our educational content, quiz creation guides, and fun videos on Sporcle TV.

Show Comments

Extras

Top Quizzes Today


Score Distribution

Paid Content

Your Account Isn't Verified!

In order to create a playlist on Sporcle, you need to verify the email address you used during registration. Go to your Sporcle Settings to finish the process.

Report this User

Report this user for behavior that violates our Community Guidelines.

Details: